| 000 | 03128 a2200313 4500 | ||
|---|---|---|---|
| 005 | 20090116124227.0 | ||
| 008 | 090116t xxu||||| |||| 00| 0 hin d | ||
| 010 | _aB-292114-121 | ||
| 020 |
_c300.00 _a8173156417 |
||
| 035 | _aB-292114-121 | ||
| 037 | _bप्रभात प्रकाशन | ||
| 040 |
_adpl _bhn |
||
| 082 | _a070.4 | ||
| 100 | _aपुराणिक, आलोक | ||
| 245 |
_aआर्थिक पत्रकारिता / _cआलोक पुराणिक |
||
| 260 |
_aनई दिल्ली _bप्रभात प्रकाशन _c2007 |
||
| 270 |
_a4/19 आसफ अली रोड _bनई दिल्ली _cदिल्ली _e110002 |
||
| 300 |
_a275पृ _c22 सेमी (सजिल्द) |
||
| 942 |
_adpl _cHN _k / पुराणि _2ddc _h070.4 _mपुराणि |
||
| 999 |
_c12885 _d12885 |
||